00343 a2200109 4500001001000000005001700010008004100027245005900068100002200127773006700149999001700216ART_1831420260410161919.0260409a 10aLa exportación e importación para consumo y el IVA1 aFratalocchi, Aldo0 tLa informacióng- Tomo XXXIII, Nº 556 (abr. 1976)wREV14902 c27528d27528